US States AND State Capitals in Reverse Alphabetical Order - Statistics

General Stats
  • This quiz has been taken 225 times
    195 since last reset
  • The average score is 87 of 100
Answer Stats
State/State Capital % Correct
Wyoming
100%
Virginia
98%
Utah
97%
Vermont
97%
Washington
97%
Wisconsin
97%
West Virginia
95%
New Jersey
93%
New Mexico
93%
New York
93%
North Carolina
93%
North Dakota
93%
Oregon
93%
Pierre
93%
Rhode Island
93%
Sacramento
93%
Tallahassee
93%
Tennessee
93%
Texas
93%
Montana
92%
New Hampshire
92%
Oklahoma
92%
Oklahoma City
92%
Pennsylvania
92%
Providence
92%
Raleigh
92%
Salem
92%
Santa Fe
92%
South Carolina
92%
South Dakota
92%
Topeka
92%
Nebraska
90%
Ohio
90%
Richmond
90%
Honolulu
88%
Illinois
88%
Indiana
88%
Iowa
88%
Jackson
88%
Kansas
88%
Kentucky
88%
Louisiana
88%
Maine
88%
Maryland
88%
Massachusetts
88%
Mississippi
88%
Missouri
88%
Montpelier
88%
Nevada
88%
Olympia
88%
Phoenix
88%
Saint Paul
88%
Springfield
88%
Trenton
88%
Hawaii
87%
Helena
87%
Idaho
87%
Indianapolis
87%
Jefferson City
87%
Montgomery
87%
Salt Lake City
87%
Denver
85%
Florida
85%
Georgia
85%
Hartford
85%
Juneau
85%
Lansing
85%
Michigan
85%
Minnesota
85%
Nashville
85%
Alabama
83%
Colorado
83%
Connecticut
83%
Delaware
83%
Dover
83%
Frankfort
83%
Little Rock
83%
Alaska
82%
Austin
82%
Bismarck
82%
Des Moines
82%
Lincoln
82%
Annapolis
80%
Arizona
80%
Arkansas
80%
Augusta
80%
Boston
80%
Columbia
80%
Columbus
80%
Albany
78%
California
78%
Cheyenne
78%
Concord
78%
Harrisburg
78%
Madison
78%
Boise
77%
Charleston
77%
Baton Rouge
75%
Carson City
75%
Atlanta
73%
No matching quizzes found
Score Distribution
Percent of People with Each Score
Percentile by Number Answered
Your Score History
You have not taken this quiz since the last reset